000 01160nam a2200241 i 4500
001 68768
003 ES-MaACL
005 20251001204325.0
007 t|
008 040708s1946 sp ||||1| spa d
100 1 _aGlanzmann, Eduard.
_957390
245 1 3 _aLa parálisis infantil epidémica
_b: (Poliomielitis) /
_cpor E. Glanzmann ; versión española y notas por los doctores Pedro Farreras Valentí y Agustín Pérez Soler.
260 _aBarcelona :
_bByp,
_c1946.
300 _a2 t. en 1 v. :
_bil. ;
_c21 cm.
490 1 _aColección española de monografías médicas
500 _aContiene además, con port. propia: Notas prácticas de diagnóstico y terapéutica: Mixedemia infantil y su tratamiento / C. Pérez Vitoria. El tratamiento de las enfermedades del oído medio en la infancia / Lawrence R. Boies. Cuando se sospechará una sífilis. Editorial. 33 p. (vol. 49)
650 1 4 _aPoliomielitis.
_916265
700 1 _aFarreras Valentí, Pedro,
_d1916-1968
_948899
700 1 _aPérez-Soler, Agustín.
_991165
830 0 _aColección española de monografías médicas
_9181541
852 _aES-MaACL
_jC-4138
999 _c68768
_d68768